Eliminácia reklamácií prostredníctvom zlepšenia vstupnej kontroly bakalárska práca

Na minha lista:
Detalhes bibliográficos
Autor principal: Pavolová, Zdenka
Autor Corporativo: Podnikovohospodárska fakulta EU so sídlom v Košiciach. Katedra marketingu a obchodu
Outros Autores: Pčolinská, Lenka
Formato: Livro
Idioma:eslovaco
Publicado em: Košice 2012
Tags: Adicionar Tag
Sem tags, seja o primeiro a adicionar uma tag!

MARC

LEADER 00000nbm a2200000 4500
001 0155687
005 20161109111909.5
041 0 |a slo 
044 |a SK 
245 1 0 |a Eliminácia reklamácií prostredníctvom zlepšenia vstupnej kontroly  |b bakalárska práca  |c Zdenka Pavolová ; školiteľ: Lenka Pčolinská 
264 1 |a Košice  |c 2012 
300 |a 65 s. 
100 1 |a Pavolová, Zdenka 
700 1 |a Pčolinská, Lenka 
710 2 |a Podnikovohospodárska fakulta EU so sídlom v Košiciach. Katedra marketingu a obchodu